=LDR 00000nam 2200000 4500 =001 INLIS000000000014150 =005 20130612105435 =008 ***********************************Ind** =035 ##$$0010-061300000014150 =041 ##$$a Ind =082 ##$$a 297.2 =090 ##$$a 297.2, Qar g =100 ##$$a Al-Qarni, Syaikh bin Abdullah =245 ##$$a Gerbang kematian, Syaikh Aidh bin Abdullah Al-Qarni ; penerjemah, Nabhani Idris =260 ##$$a 2002 $b Jakarta =300 ##$$a xii, 260 hlm, Ilus, 20 cm =650 ##$$a Akidah =700 ##$$a Idris, Nabhani =850 ##$$a NBPNMAT